Normal view MARC view
  • Derecho

Entry Materia

Number of records used in: 98

001 - NÚMERO DE CONTROL DEL REGISTRO

  • campo de control: 9941

003 - IDENTIFICADOR DE NUMERO DE CONTROL

  • campo de control: MX-MxUPN

005 - FECHA Y HORA DE LA ÚLTIMA TRANSACCIÓN

  • campo de control: 20230224130346.0

008 - DATOS DE LONGITUD FIJA

  • campo de control de longitud fija: 230224n||acnnnbabn | ana |d

035 ## - NÚMERO DE CONTROL DEL SISTEMA

  • Número de control del sistema: UPN10000009948

040 ## - FUENTE DE LA CATALOGACIÓN

  • Centro catalogador de origen: MX-MxUPN
  • Lengua de catalogación: spa
  • Agencia de transcripción: MX-MxUPN

046 ## - FECHAS CON CODIFICACIÓN ESPECIAL

  • Fecha final para contenidos agregados: 220624

150 ## - ENCABEZAMIENTO - TEMÁTICO

  • Término de materia o nombre geográfico como elemento inicial: Derecho
  • Subdivisión de materia general: Filosofía

450 ## - VÉASE - MATERIA

  • Encabezamiento temático: Derecho, Teoría del

670 ## - FUENTE EN LA QUE SE LOCALIZARON DATOS

  • Cita de la fuente: DGB UNAM, 24 febrero 2023:
  • Información localizada: (Derecho -- Filosofía)

680 ## - NOTA GENERAL CON DESPLIEGUE PÚBLICO

  • Texto explicativo: Aquí se asientan las obras que tratan sobre la filosofía del sistema legal. Las obras sobre el concepto de una orden, relación o secuencia de fenómenos que son invariables bajo ciertas condiciones se asientan bajo
  • Encabezamiento: DERECHO (FILOSOFIA)

902 ## - CATALOGADOR

  • Catalogador: LG/060397